000 00800nam a2200265 i 4500
003 DO-SdBNP
005 20240404155642.0
007 ta
008 240404b2004 dr ||||| |||| 00| 0 spa d
020 _a9993404454
040 _aDO-SdBNP
_bspa
_cBNPHU
_erda
082 4 _222
100 _aDe Ramón, José Luis,
_962212
_eautor
245 1 0 _aVolver a crecer /
_bJos♪0 Luis De Ramón ; correcció, Alejandro Castelli
264 _aSanto Domingo :
_bCorripio,
_c2004.
300 _a192 páginas ;
_c23 cm.
336 _2rdacontent
_atexto
_btxt
337 _2rdamedia
_asin mediación
_bn
338 _2rdacarrier
_avolumen
_bnc
504 _aBibliografía : p. 189-192
590 _aInventariado, 2024/BT
700 1 _4Castelli, Alejandro,
_ecorrección
910 _aBtavárez
942 _2ddc
_cLBS1
999 _c56253
_d56253